000 00403pab a2200157 454500
008 180718b2009 xxu||||| |||| 00| 0 eng d
100 _aGriffith, Rachel et al.
245 _aConsumer shopping behavior: how much do consumers save?
260 _c2009
300 _ap.99-120.
362 _aSpring
650 _aConsumer
773 _aJournal of Economic Perspectives
908 _aN
909 _a82787
999 _c82787
_d82787